书目信息 |
| 题名: |
被压迫者的声音
|
|
| 作者: | 阿普尔 著 ;罗燕 , 钟南 译 | |
| 分册: | ||
| 出版信息: | 上海 华东师范大学出版社 2008.09 |
|
| 页数: | 332页 | |
| 开本: | 23cm | |
| 丛书名: | 影响力教育理论译丛 | |
| 单 册: | ||
| 中图分类: | G40 | |
| 科图分类: | ||
| 主题词: | 教育--jiao yu--研究 | |
| 电子资源: | ||
| ISBN: | 978-7-5617-6116-8 | |
| 000 | 01273nam 2200325 450 | |
| 001 | 012009505730 | |
| 005 | 20090621190433.04 | |
| 010 | @a978-7-5617-6116-8@dCNY39.80 | |
| 100 | @a20090621d2008 em y0chiy0120 ea | |
| 101 | 1 | @achi@ceng |
| 102 | @aCN@b310000 | |
| 105 | @ay a 000yy | |
| 106 | @ar | |
| 200 | 1 | @a被压迫者的声音@Abei ya po zhe de sheng yin@d= The subaltern speak : curriculum, power, and educational struggles@f迈克尔·W·阿普尔等著@Fmai ke er·W·a pu er deng zhu@g罗燕, 钟南等译@Gluo yan,zhong nan deng yi@zeng |
| 210 | @a上海@c华东师范大学出版社@d2008.09 | |
| 215 | @a332页@d23cm | |
| 225 | 2 | @a影响力教育理论译丛@Aying xiang li jiao yu li lun yi cong |
| 300 | @a阿普尔集 | |
| 306 | @aRoutledge出版公司授权出版 | |
| 320 | @a有书目 | |
| 330 | @a本书由三部分构成,主要内容包括:追踪核心知识运动,“我们是新的配压迫者”,被压迫者能够行动吗,诽谤、恐惧与同化等。 | |
| 410 | 0 | @12001 @a影响力教育理论译丛 |
| 500 | 10 | @aSubaltern speak : curriculum, power, and educational struggles@mChinese |
| 606 | 0 | @a教育@Ajiao yu@x研究 |
| 690 | @aG40@v4 | |
| 701 | 1 | @a阿普尔@Aa pu er@g(Apple, Michael W.)@4著 |
| 702 | 0 | @a罗燕@Aluo yan@4译 |
| 702 | 0 | @a钟南@Azhong nan@4译 |
| 801 | 0 | @aCN@bQSSK@c20090621 |
| 905 | @b743497-99@dG40@eA140@f3 | |
| 被压迫者的声音= The subaltern speak : curriculum, power, and educational struggles/迈克尔·W·阿普尔等著/罗燕, 钟南等译.-上海:华东师范大学出版社,2008.09 |
| 332页;23cm.-(影响力教育理论译丛) |
| 阿普尔集 |
| ISBN 978-7-5617-6116-8:CNY39.80 |
| 本书由三部分构成,主要内容包括:追踪核心知识运动,“我们是新的配压迫者”,被压迫者能够行动吗,诽谤、恐惧与同化等。 |
| ● |
| 相关链接 |
|
|
|
正题名:被压迫者的声音
索取号:G40/A140
 
预约/预借
| 序号 | 登录号 | 条形码 | 馆藏地/架位号 | 状态 | 备注 |
| 1 | 743497 | 207434971 | 社科二线422/409社科库 1排1列2层/ [索取号:G40/A140] | 在馆 | |
| 2 | 743498 | 207434980 | 社科二线422/409社科库 1排1列2层/ [索取号:G40/A140] | 在馆 | |
| 3 | 743499 | 207434999 | 社科库409/409社科库 1排1列2层/ [索取号:G40/A140] | 在馆 |